Scotland A-Z Quiz Stats

 Plays Quiz not verified by Sporcle

Score 0/26 Timer 06:00
0 Plays Today
Letter Answer % Correct
AAberdeen
97.3%
EEdinburgh
97%
GGlasgow
95.3%
IInverness
92.3%
BBurns
91.7%
TTelephone
91.3%
Yyes
89.8%
NNational
88.5%
ZZero
88.4%
SSt Andrews
87.8%
FForth
87.4%
CConnery
86.5%
WWhiskey
85.8%
Letter Answer % Correct
LLoch Lomond
85.1%
OOil
85%
HHolyrood
80.8%
KKilmarnock
72.7%
MMull
70.5%
JJock
69.4%
DDumfries
64.5%
XSaltire
64.4%
RRunrig
59.3%
UUganda
59.3%
VVI
59%
QQueen of the South
52%
PPanama
27.7%

You're not logged in!

Compare scores with friends on all Sporcle quizzes.
OR
Log In

You Might Also Like...

Show Comments

Extras

Created Oct 27, 2009ReportNominate
Tags:Letter Quiz, A-Z, scotland

Top Quizzes Today


Score Distribution

Your Account Isn't Verified!

In order to create a playlist on Sporcle, you need to verify the email address you used during registration. Go to your Sporcle Settings to finish the process.

Report this User

Report this user for behavior that violates our Community Guidelines.

Details: